01013nab a22002537i 4500003000900000005001700009008004000026035001700066040002400083041000800107100015400115245015900269260001000428650001400438650001500452650001500467650003400482650004200516650002200558650003300580773011800613942001300731999001500744KOSZ 00520170410094525.0160308s2012 pl ||||| ||||0|| ||pol  aPBN-R:313928 cKOSZ 005/mdaPBN-ID0 apol aKUŁAKOWSKA, Agnieszka.d2006 - .bPolitechnika Koszalińska - Wydział Mechaniczny,cKatedra Mechaniki Technicznej i Wytrzymałości Materiałów10aAnaliza jakości powierzchni po procesie toczenia a następnie nagniatania z uwzględnieniem odchyłek zarysu nierówności /cAgnieszka Kułakowska. c2012. 0aEkonomia. 0aTransport. 0aEconomics. 0aBudowa i eksploatacja maszyn. 0aMachinery construction and operation. 0aOriginal article. 0aOryginalny artykuł naukowy.08iW :tTTS Technika Transportu Szynowego. -x1232-3829dInstytut Naukowo-Wydawniczy "TTS"g2012, nr 9, s. 3807-3816 cART2UKD c8179d8179